| 000 | 00928nam a2200205 a 4500 | ||
|---|---|---|---|
| 001 | 57285 | ||
| 005 | 20180714053420.0 | ||
| 008 | 140415s1983 mx 000 0 spa d | ||
| 041 | _aspa | ||
| 082 |
_a306.84609725 _bMAR |
||
| 100 | 1 | _aMARQUEZ RODILES, IGNACIO | |
| 245 | 1 | 0 | _aPUEBLA MESTIZA |
| 250 | _a1a ed. | ||
| 260 |
_aMEXICO : _bUNIVERSIDAD DE LAS AMERICAS-PUEBLA, _c1983 |
||
| 300 |
_a104 _c21.6 x 0.7 x 28 |
||
| 490 | _aCOL.PUEBLA | ||
| 500 | _aCOLECCIÓN PUEBLA | ||
| 520 | _aCHOQUE Y FUSION DE DOS MUNDOS. EL PROBLEMA RACIAL EN LA NUEVA ESPAÑA. BLANCOS, INDIOS Y MESTIZOS. DISCRIMINACION DE LA MUJER Y DEL NIÑO. LAS DESIGUALDADES SOCIALES EN EL REGIMEN COLONIAL. ESTRUCTURA ECONOMICA, POLICA Y CULTURAL. FORMAS DEL PROCESO DE LA TRANSCULTURACION. LAS CASTAS. EL PROBLEMA HISTORICO DE LA IDENTIDAD. ARISBOS DE LA NACIONALIDAD Y EL FOLKLORE. | ||
| 650 | 1 | 4 |
_aMESTIZAJE _xMESTIZAJE _xPUEBLA HISTORIA |
| 999 |
_c57285 _d57285 |
||